000 00494nam a2200181 i 4500
001 64692
003 ES-MaACL
005 20240502063040.0
007 t|
008 040105s1973 sp ||||1| cat d
100 1 _aFormosa, Feliu,
_d1934-
_951759
245 1 0 _aLlibre de les meditacions /
_cFeliu Formosa.
250 _a[1ยช ed.].
260 _aBarcelona :
_bEdicions 62,
_c[1973]
300 _a53 p. ;
_c18 cm.
852 _aES-MaACL
_jC-55774
_bR.88238
999 _c64692
_d64692